THE FOUNDATIONS OF SCREENWRITING (Record no. 17071)

MARC details
000 -LEADER
fixed length control field 00303nam a22001337a 4500
003 - CONTROL NUMBER IDENTIFIER
control field SGT
020 ## - INTERNATIONAL STANDARD BOOK NUMBER
International Standard Book Number 978-0-385-33903-2
082 ## - DEWEY DECIMAL CLASSIFICATION NUMBER
Classification number 302.23
Item number T05F
100 ## - MAIN ENTRY--PERSONAL NAME
Personal name FIELD, SYD.
245 ## - TITLE STATEMENT
Title THE FOUNDATIONS OF SCREENWRITING
260 ## - PUBLICATION, DISTRIBUTION, ETC. (IMPRINT)
Place of publication, distribution, etc NEW YORK
Name of publisher, distributor, etc BANTAM DELL
Year of Publication 2005
300 ## - PAGE DESCRIPTION
No. of Pages 319
942 ## - ADDED ENTRY ELEMENTS (KOHA)
Source of classification or shelving scheme Dewey Decimal Classification
Koha item type Books

No items available.